000 00480nam a2200193Ia 4500
005 20240823013133.0
008 240823s9999||||xx |||||||||||||| ||und||
020 _a81-203-2062-X
041 _aENGLISH
082 _A005.432 P3
100 _a"Stevens,Richanrd W"
245 0 _aUNIX Network Programming : Interprocess Communications
250 _a2nd
260 _c2003
_b"PHI,New D"
500 _aYES
650 _aUNIX
_bComputer Science
942 _cBK
999 _c166396
_d166396